000 03366njm0a2200565 4500
001 RU\NLR\ONIZ\303223
005 20250708194009.0
035 _a(NLR Aleph) 022092279
071 0 0 _aС10 22423-5 005
090 _a13285559
_c13285559
100 _a20231130g19 |||y0rusy50 ca
102 _aRU
126 _aabbxexu ux
_bxxx
127 _a014500
135 _ahonoannnanndn
200 1 _aШесть партит для клавира
_bЗвукозапись
_eBWV 825-830
_fИ. С. Бах
_gисполняет: Ралф Киркпатрик, клавесин
203 _aМузыка
_bисполнительская
_cаудио
210 _aМосква
_cМелодия
_d[19--]
_gЗавод грампластинок
_eАпрелевка
215 _a3 грп. [ГОСТ 5289-80] (145 мин) : 33 об/мин, стерео
_d30 см, в кор.
_eприл. (3 с.)
300 _aManufactured under license of Polydor International GmbH, Hamburg
300 _aЗапись 1958 г
325 _aКопия доступна в электронной библиотеке РНБ
327 1 _a1. Партита № 1 Си бемоль мажор : BWV 825 ;
_a2. Партита № 2 до минор : BWV 826 ;
_a3. Партита № 3 ля минор : BWV 827 ;
_a4. Партита № 4 Ре мажор : BWV 828 ;
_a5. Партита № 5 Соль мажор : BWV 829 ;
_a6. Партита № 6 ми минор : BWV 830
464 0 _12001#$aПартита № 1 Си бемоль мажор$eBWV 825
_tПартита № 1 Си бемоль мажор
464 0 _12001#$aПартита № 2 до минор$eBWV 826
_tПартита № 2 до минор
464 0 _12001#$aПартита № 3 ля минор$eBWV 827
_tПартита № 3 ля минор
464 0 _12001#$aПартита № 4 Ре мажор$eBWV 828
_tПартита № 4 Ре мажор
464 0 _12001#$aПартита № 5 Соль мажор$eBWV 829
_tПартита № 5 Соль мажор
464 0 _12001#$aПартита № 6 ми минор$eBWV 830
_tПартита № 6 ми минор
606 1 _aПартиты для клавесина
_yГермания
_z18 век
_jЗвукозапись
_2nlr_sh
606 1 _aКлавесинисты американские
_z20 век
_jЗвукозапись
_2nlr_sh
686 0 _aЩ954.1-043я44(4Г)
700 1 _9z01790
_aБах
_bИ. С.
_f1685-1750
_gИоганн Себастьян
_4230
_7ca
702 1 _9z03790
_aКиркпатрик
_bР.
_cклавесин
_f1911-1984
_gРалф
_4590
_4khp
_7ca
790 1 _9z01700
_aBach
_bJ. S.
_f1685-1750
_gJohann Sebastian
_4230
_7ba
790 1 _9z03702
_aKirkpatrick
_bR.
_ccembalo
_f1911-1984
_gRalph
_4590
_4khp
_7ba
801 0 _aRU
_bNLR
_c20231130
_gPSBO
801 1 _aRU
_bNLR
_c20231130
_2rusmarc
801 2 _aRU
_bNLR
_c20231201
852 _aNLR
_bМг
_j3/8696(1-3)
_p40650-40652
_t1
856 0 _uhttps://vivaldi.nlr.ru/mk000001139/view
856 1 _uhttps://vivaldi.nlr.ru/mk000001139/cover
856 2 _uhttps://vivaldi.nlr.ru/mk000001139/text
942 _cREC
980 _aNB
980 _aONIZ
981 2 4 _a(24) Нотные издания и аудиозаписи
_b(24) Грампластинки